Flags with Red, White, and Blue + more - Statistics

General Stats
  • This quiz has been taken 23 times
  • The average score is 25 of 36
Answer Stats
Picture Answer % Correct
South Korea
100%
Malaysia
85%
Mexico
85%
Cambodia
77%
Croatia
77%
Dominican Republic
77%
Eswatini
77%
Seychelles
77%
South Africa
77%
El Salvador
69%
Haiti
69%
Mozambique
69%
Nicaragua
69%
Philippines
69%
Portugal
69%
Slovenia
69%
Venezuela
69%
Andorra
62%
Antigua and Barbuda
62%
Azerbaijan
62%
Belize
62%
Cape Verde
62%
Central African Republic
62%
Comoros
62%
Djibouti
62%
Ecuador
62%
Equatorial Guinea
62%
Fiji
62%
Gambia
62%
Kiribati
62%
Namibia
62%
Paraguay
62%
Serbia
62%
South Sudan
62%
Tuvalu
62%
Uzbekistan
62%
No matching quizzes found
Score Distribution
Percent of People with Each Score
Percentile by Number Answered
Your Score History
You have not taken this quiz